000 00613nam a2200217 a 4500
005 20240910064317.0
008 021008s2001 mx r 000 0 spa d
020 _a9706610596
035 _aUPN01000120030
049 _aCG
050 4 _aLB1049
_bF8.3 2001
100 1 _aFuentes Navarro, María Teresa
_939200
245 1 0 _aCómo mejorar mis calificaciones /
_cTeresa Fuentes Navarro.
250 _a2a ed.
260 _aMéxico :
_bEDAMEX,
_c2001.
300 _a83 p. :
_bcuadros
440 0 _aBiblioteca pedagógica
650 4 _aMétodos de estudio
_94280
650 4 _aAprendizaje
_92861
905 _aLibro
999 _c92380
_d92380